000 01066nam0a22002531 4500
001 rc\812629
005 20041129091203.9
035 _a(NLR Aleph) 005995899
090 _a7177055
_c7177055
100 _a20041129d1983 u |0rusy50 ca
101 0 _arus
102 _aRU
105 _ay |||||||||
200 1 _aСостояние и перспективы развития животноводства и ветеринарии в СССР
_fА.С. Николаев, Л.Н. Крыканова, И.А. Черекаева и др.
210 _aМ.
_cВНИИТЭИСХ
_d1983
215 _a44 с.
_d21
225 1 _aСерия "Животноводство и ветеринария"
_eОбзор. информ.
_fВАСХНИЛ, ВНИИ информ. и техн.-экон. исслед. по сел. хоз-ву
320 _aБиблиогр.: с. 42-43 (12 назв.)
701 1 _aНиколаев
_bА. С.
_gАнатолий Семенович
801 0 _aRU
_bNLR
_gpsbo
801 1 _aRU
_bELAR
_2rusmarc
852 _aNLR
_j84-4/2981
942 _cBOOK
980 _aNB